| 000 | 00383 a2200133 4500 | ||
|---|---|---|---|
| 001 | 65281 | ||
| 082 | _a670.285SIM | ||
| 090 |
_c38313 _d38313 |
||
| 100 | _aSimcon | ||
| 245 | _aLaboratory activities solid edge V10 volume 1; the house of CAD/CAM/CAE/CIM; Activity 1: creating a protrusion | ||
| 250 | _a1 | ||
| 260 |
_aKarachi _bSimcon Intl _c2000 |
||
| 300 | _a278 p. (photocopy) | ||
| 942 |
_aNUST-CAE _k670.285SIM |
||
| 999 |
_c300354 _d300354 |
||